000 00235nam a2200121Ia 4500
100 _a#N/A
942 _cBK
654 _aPAGEMAKER 5
245 _aPAGE MAKER 5 BY EXAMPLE
260 _bB.P.B.PUBL.
082 _bWEB
546 _aENGLISH
999 _c33085
_d33085